| 000 | 01965nam0a2200361 4500 | ||
|---|---|---|---|
| 001 | RU\NLR\bibl\272398 | ||
| 005 | 20250620133318.0 | ||
| 010 |
_a5-87155-025-8 _9300 |
||
| 021 |
_aRU _b2001-66714 _93241 |
||
| 035 | _a(NLR Aleph) 000267932 | ||
| 090 |
_a1566195 _c1566195 |
||
| 100 | _a20020530d2001 |||y0rusy50 ca | ||
| 101 | 0 | _arus | |
| 102 | _aRU | ||
| 105 | _ay ||||||||| | ||
| 200 | 1 |
_aНационально-региональный компонент гуманитарного образования: проблемы проектирования и реализации в контексте гуманистической парадигмы образования _fО. Ю. Стрелова _gМ-во образования Рос. Федерации, Нац. центр стандартов и мониторинга образования, Хабар. гос. пед. ун-т |
|
| 210 |
_aМ. _cНац. центр стандартов и мониторинга образования _aХабаровск _cХГПУ _d2001 |
||
| 215 |
_a241 с. _cил. _d21 |
||
| 320 | _aСписок основных публ. Стреловой О. Ю. по проблемам нац.-регион. компонента гуманитар. образования: с. 237-238. Библиогр. в конце разд. | ||
| 606 | 0 |
_aВысшее гуманитарное образование _yРоссийская Федерация _92193772 _3RU\NLR\auth\661318586 |
|
| 610 | 0 | _aГуманитарное образование высшее | |
| 675 |
_a37.01 _v3 _zrus |
||
| 686 |
_a14 _2rugasnti |
||
| 686 |
_a74.00 _2rubbk |
||
| 686 | _aЧ489.1 | ||
| 700 | 1 |
_4070 _aСтрелова _bО. Ю. _cд-р пед. наук _gОльга Юрьевна _9160800 _3RU\NLR\AUTH\770160842 |
|
| 801 | 0 |
_aRU _bRKP _c20020530 _gPSBO |
|
| 801 | 1 |
_aRU _bRKP _c20020530 |
|
| 801 | 2 |
_aRU _bNLR _c20020716 _grcr |
|
| 942 | _cBOOK | ||
| 980 | _aNB | ||